000 00496cam a2200193ua 4500
020 _a81 7216 003 8
_c250.00
041 _aeng
_h
082 _a790.1
_bDHE/DE
100 _aDheer, S .
245 _aDevelopmental games and recreational activities /
_cS Dheer.
_hTextual Documents
260 _a :
_bFriends publications ,
_c1996.
300 _a240 ; .
365 _a250.00
500 _a**Reference
504 _a
700 1 _aSaini, R S .
942 _cBK
999 _c4875
_d4875